Bibliothèque choisie a l'usage des gens du monde / (Record no. 152107)

MARC details
000 -LEADER
campo de control de longitud fija 00597nam a22001815i 4500
001 - NÚMERO DE CONTROL
campo de control 152107
003 - IDENTIFICADOR DE NÚMERO DE CONTROL
campo de control ES-MaACL
005 - FECHA Y HORA DE LA ÚLTIMA TRANSACCIÓN
campo de control 20250825092522.0
008 - DATOS DE LONGITUD FIJA--INFORMACIÓN GENERAL
campo de control de longitud fija 050907s1868 fr | |||||||| ||fre d
080 ## - NÚMERO DE LA CLASIFICACIÓN DECIMAL UNIVERSAL
Número de la Clasificación Decimal Universal 019.922
245 00 - MENCIÓN DEL TÍTULO
Título Bibliothèque choisie a l'usage des gens du monde /
Mención de responsabilidad, etc. publiée par Léon Techener.
260 ## - PUBLICACIÓN, DISTRIBUCIÓN, ETC.
Lugar de publicación, distribución, etc. París :
Nombre del editor, distribuidor, etc. [Léon Techener],
Fecha de publicación, distribución, etc. 1868.
300 ## - DESCRIPCIÓN FÍSICA
Extensión 23 p. ;
Dimensiones 23 cm.
650 #7 - PUNTO DE ACCESO ADICIONAL DE MATERIA--TÉRMINO DE MATERIA
Término de materia o nombre geográfico como elemento de entrada Libros seleccionados
Fuente del encabezamiento o término embne
9 (RLIN) 14455
700 1# - ENTRADA AGREGADA--NOMBRE PERSONAL
Nombre de persona Techener, Léon.
9 (RLIN) 133160
852 4# - LOCALIZACIÓN
Ubicación ES-MaACL
Número de control de estantería T-95-F-9
Nota libre - Enc. hol.
-- - Enc. en un vol. facticio
Holdings
Estatus retirado Estado de pérdida Estado de daño No para préstamo Colección Biblioteca de origen Biblioteca actual Ubicación en estantería Fecha de adquisición Total de préstamos Signatura topográfica completa Código de barras Visto por última vez Precio de reemplazo Tipo de ítem Koha
        Colección de folletos Biblioteca del Ateneo de Madrid Biblioteca del Ateneo de Madrid Depósito folletos 17/01/2008   T-95-F-9 1158793 23/02/2023 23/02/2023 Folleto